000 00273nam a22001097a 4500
008 170111b xxu||||| |||| 00| 0 eng d
020 _a9781605478616
041 _aeng
080 _25TH
_a618.2
245 _aPSYCHIATRIC-MENTAL HEALTH NURSING
_cVIDEBECK, SH.L
942 _2udc
_cBK
999 _c2732
_d2732